书目信息 |
| 题名: |
新编英国文学选读
|
|
| 作者: | 罗经国, 编注 | |
| 分册: | 上 | |
| 出版信息: | 北京 北京大学出版社 2011.06 |
|
| 页数: | 305页 | |
| 开本: | 23cm | |
| 丛书名: | 21世纪外国文学系列教材 | |
| 单 册: | ||
| 中图分类: | H319.4:I | |
| 科图分类: | ||
| 主题词: | 英语--ying yu--阅读教学--高等学校--教材 , 英国文学--ying guo wen xue--作品集 | |
| 电子资源: | ||
| ISBN: | 7-301-18744-0 | |
| 000 | 01107nam 2200289 450 | |
| 001 | 1629733848 | |
| 005 | 20160913081851.37 | |
| 010 | @a7-301-18744-0@dCNY35.00 | |
| 100 | @a20150902d2011 em y0chiy50 ba | |
| 101 | 0 | @aeng |
| 102 | @aCN@b110000 | |
| 105 | @aa z 000yy | |
| 200 | 1 | @a新编英国文学选读@Axin bian ying guo wen xue xuan du@d= A new anthology of English literature@h上@f罗经国编注@zeng |
| 205 | @a第3版 | |
| 210 | @a北京@c北京大学出版社@d2011.06 | |
| 215 | @a305页@c图@d23cm | |
| 225 | 2 | @a21世纪外国文学系列教材@A21 shi ji wai guo wen xue xi lie jiao cai |
| 330 | @a本书为英文本, 收录了华兹华斯、柯勒律治、雪莱、济慈、丁尼生、勃朗宁、狄更斯、萨克雷等著名作家的文学作品。 | |
| 333 | @a普通高等教育“十一五”国家级规划教材 | |
| 410 | 0 | @12001 @a21世纪外国文学系列教材 |
| 510 | 1 | @a A new anthology of English literature@h下@zchi |
| 606 | 0 | @a英语@Aying yu@x阅读教学@x高等学校@j教材 |
| 606 | 0 | @a英国文学@Aying guo wen xue@x作品集 |
| 690 | @aH319.4:I@v4 | |
| 701 | 0 | @a罗经国,@Aluo jing guo@f1930-@4编注 |
| 801 | 0 | @aCN@c20150902 |
| 905 | @a241430@dH319.4:I@eL9411=3:1@f1 | |
| 新编英国文学选读= A new anthology of English literature.上/罗经国编注.-第3版.-北京:北京大学出版社,2011.06 |
| 305页:图;23cm.-(21世纪外国文学系列教材) |
| 使用对象:普通高等教育“十一五”国家级规划教材 |
| ISBN 7-301-18744-0:CNY35.00 |
| 本书为英文本, 收录了华兹华斯、柯勒律治、雪莱、济慈、丁尼生、勃朗宁、狄更斯、萨克雷等著名作家的文学作品。 |
| ● |
| 相关链接 |
|
|
|
正题名:新编英国文学选读
索取号:H319.4:I/L9411=3:1
 
预约/预借
| 序号 | 登录号 | 条形码 | 馆藏地/架位号 | 状态 | 备注 |
| 1 | 1238440 | 212384409 | 语言库209/209语言库 54排4列6层/ [索取号:H319.4:I/L9411=3:1] | 在馆 |